LDR 00920naa#a2200217#i#450# 001 RU\NORMA\bibl\17716 005 20260413145122.1 011 ## _a1991-3222 100 ## _a20170823b2017####ek#y0rusy0150####ca 101 0# _aRUS 102 ## _aRU 200 1# _aСоциальный контроль как ключевой фактор противодействия коррупции _eЖурнальная статья 210 1# _aМосква _cЮридическое издательство Норма _d2017 215 ## _a-5 с. 608 ## _aЖурнальная статья _2local 675 ## _aПраво. Юридические науки. 34 _zRUS 686 ## _aПраво. Юридические науки. 67 _2bbk 700 #1 _aЦирин _gАртем Михайлович 700 #1 _aМатулис _gСергей Николаевич 700 #1 _aМолчанова _gМарина Алексеевна 856 4# _azh-szf.ru _u